Les meilleurs buteurs de l'histoire de Manchester United - Statistiques

Statistiques générales
  • Ce quiz a été pris 233 fois
    66 depuis la dernière actualisation
  • Le résultat moyen est 4 sur 10
Statistiques - réponses
Buts Nationalité Joueur % Correct
253 Angleterre Wayne Rooney
100%
168 Pays de Galles Ryan Giggs
85%
249 Angleterre Sir Bobby Charlton
57%
179 Irlande du Nord George Best
54%
155 Angleterre Paul Scholes
44%
237 Écosse Denis Law
25%
163 Pays de Galles Mark Hughes
3%
179 Angleterre Dennis Viollet
0%
211 Angleterre Jack Rowley
0%
168 Angleterre Joe Spence
0%
Aucun quiz correspondant
Distribution des résultats
% des personnes avec chaque résultat
Percentile par nombre de réponses
Votre historique - résultats
Vous n’avez pas pris ce quiz depuis la dernière actualisation